000 00678cam a2200229 4500500
005 20260329004418.0
041 _afre
042 _adc
100 1 0 _aLacroix, Alexandre
_eauthor
245 0 0 _aIncendie Lubrizol : ne pas savoir, est-ce ne pas pouvoir ?
260 _c2019.
500 _a72
690 _aGouvernement
690 _aIncendie
690 _aJean-Pierre Dupuy
690 _aLubrizol
690 _aPrécaution
690 _aRisques
690 _aRouen
786 0 _nPhilosophie magazine | 134 | 11 | 2019-11-01 | p. 5-6 | 1951-1787
856 4 1 _uhttps://shs.cairn.info/magazine-philosophie-magazine-2019-11-page-5?lang=fr&redirect-ssocas=7080
999 _c1833594
_d1833594